| 000 | 00985nam a2200229Ii 4500 | ||
|---|---|---|---|
| 003 | JO-AjNU | ||
| 008 | 230605s9999||||xx |||||||||||||| ||und|| | ||
| 017 | _a2009/6/2372 | ||
| 020 | _a978-9957-22-298-7 | ||
| 040 |
_aJO-AjNU _bara _erda _cJO-AjNU |
||
| 041 | _aara | ||
| 050 | 1 | 4 | _aPJ6680.S2522.2010 |
| 100 | 3 |
_aالسامرائي، علي جميل, _eauthor _927547 |
|
| 245 | 0 | 0 | _a معجم المصطلحات الصرفية |
| 250 | _aط1 | ||
| 264 | 3 | 1 | _aعمان: دارأسامة للنشر،2010 |
| 300 |
_a386ص _bيشتمل على المصادروالمراجع الببلوغرافية ص(383-386) |
||
| 336 |
_atext _btxt _2rdacontent |
||
| 337 |
_aunmediated _bn _2rdamedia |
||
| 338 |
_avolume _bnc _2rdacarrier |
||
| 650 | 4 |
_aاللغة العربية -- الصرف -- معاجم -- اللغة العربية -- الصرف -- مصطلحات -- اللغة العربية -- قواعد -- معاجم -- اللغة العربية -- النحو -- معاجم _927548 |
|
| 999 |
_aA10578 _c14146 _d14146 |
||